000 00707nam a2200217 a 4500
003 PILC
005 20160223101014.0
008 120824s19uu xx 00 eng d
020 _a9780281058518
050 _aBR 75
_b.Ac169 2007
100 _aDormor, Duncan.
245 _aAn acceptable sacrifice? :
_bhomosexuality and the church /
_cedited by Duncan Dormor and Jeremy Morris.
260 _aLondon :
_bSPCK,
_c2007.
300 _a180 pages ;
_c23 cm.
500 _aIncludes bibliographical references and index.
650 _aHomosexuality
_xReligious aspects
_xChristianity.
650 _aHomosexuality
_xBiblical teaching.
700 _aMorris, Jeremy.
942 _cBK
_2lcc
_kFOR
999 _c25186
_d25186